000 00491nam a2200169Ia 4500
005 20250423095250.0
008 250422s9999 xx 000 0 und d
020 _a0387955100
050 _aRD 31 .E72/
245 0 _aEssential practice of surgery : basic science and clinical evidence
260 _aNew York
260 _bSpringer
260 _c2002
300 _a761 p
650 _aSurgery Evidence-based medicine Surgical Procedures, Operative Evidence-Based Medicine
942 _cBK
999 _c29746
_d29746